[Event "FIN-chT 1819"]
[Site "Finland"]
[Date "2019.04.07"]
[Round "11.3"]
[White "Jarvenpaa, Jari"]
[Black "Lindstedt, Johan"]
[Result "1-0"]
[WhiteElo "2307"]
[BlackElo "2220"]
[PlyCount "93"]
[EventDate "2018.09.15"]
[EventType "team-tourn"]
[EventRounds "11"]
[EventCountry "FIN"]
[SourceTitle "CBM 189 Extra"]
[Source "ChessBase"]
[SourceDate "2019.06.03"]
[SourceVersion "1"]
[SourceVersionDate "2019.06.03"]
[SourceQuality "1"]
[WhiteTeam "Salo SalSK"]
[BlackTeam "Helsinki KS 58"]
[WhiteTeamCountry "FIN"]
[BlackTeamCountry "FIN"]

1. e4 g6 2. Nf3 Bg7 3. d4 d6 4. Nc3 Nf6 5. Be2 0-0 6. 0-0 e6 7. e5 dxe5 8. Nxe5 Nd5 9. f4 b6 10. Nxd5 exd5 11. Bf3 Bb7 12. c4 c6 13. cxd5 cxd5 14. Qa4 f6 15. Ng4 Nc6 16. f5 Ne7 17. fxg6 hxg6 18. Bd2 Bc6 19. Qa3 Nf5 20. Bc3 Qd7 21. Qb3 Nh4 22. Bd1 Nf5 23. Qc2 Rae8 24. a4 a5 25. Qd3 Kf7 26. Bc2 Rh8 27. Qd2 Rh5 28. b3 Qd6 29. h3 Bd7 30. Qd3 Kg8 31. Rae1 Rg5 32. Rxe8+ Bxe8 33. Bd2 Rh5 34. Re1 Bf7 35. Qc3 Qd7 36. Bf4 Nd6 37. Nf2 f5 38. Bxd6 Qxd6 39. Qe3 Bf6 40. Nd3 Kg7 41. Ne5 Rh8 42. Kh1 Bxe5 43. dxe5 Qc5 44. Qg5 Qxc2 45. Rc1 Qxc1+ 46. Qxc1 Re8 47. Qe3 1-0

[Event "FIN-chT 1617"]
[Site "Finland"]
[Date "2016.12.10"]
[Round "5.1"]
[White "Lindstedt, Johan"]
[Black "Nyback, Tomi"]
[Result "0-1"]
[WhiteElo "2245"]
[BlackElo "2580"]
[PlyCount "44"]
[EventDate "2016.09.17"]
[EventType "team-tourn"]
[EventRounds "11"]
[EventCountry "FIN"]
[SourceTitle "EXT 2018"]
[Source "ChessBase"]
[SourceDate "2017.10.13"]
[SourceVersion "1"]
[SourceVersionDate "2017.10.13"]
[SourceQuality "1"]
[WhiteTeam "Karjaa KarjUra"]
[BlackTeam "Helsinki Aatos"]
[WhiteTeamCountry "FIN"]
[BlackTeamCountry "FIN"]

1. b3 e5 2. Bb2 Nc6 3. e3 Nf6 4. Bb5 Bd6 5. Na3 Na5 6. Be2 a6 7. d3 Qe7 8. Nb1 0-0 9. Nd2 Ba3 10. Bxa3 Qxa3 11. c4 d5 12. Ngf3 e4 13. Nd4 exd3 14. Bxd3 dxc4 15. Nxc4 Nxc4 16. Bxc4 c5 17. Nc2 Qa5+ 18. Qd2 Qc7 19. f3 Rd8 20. Qc3 b5 21. Bd3 b4 22. Qd2 Bf5 0-1

[Event "FIN-chT 1617"]
[Site "Finland"]
[Date "2016.09.17"]
[Round "1.1"]
[White "Karttunen, Mika"]
[Black "Lindstedt, Johan"]
[Result "1-0"]
[WhiteElo "2458"]
[BlackElo "2245"]
[PlyCount "89"]
[EventDate "2016.09.17"]
[EventType "team-tourn"]
[EventRounds "11"]
[EventCountry "FIN"]
[SourceTitle "CBM 174 Extra"]
[Source "ChessBase"]
[SourceDate "2016.10.10"]
[SourceVersion "1"]
[SourceVersionDate "2016.10.10"]
[SourceQuality "1"]
[WhiteTeam "Tampere Tammer"]
[BlackTeam "Karjaa KarjUra"]
[WhiteTeamCountry "FIN"]
[BlackTeamCountry "FIN"]

1. e4 g6 2. d4 Bg7 3. Nc3 c5 4. d5 d6 5. Bb5+ Nd7 6. a4 Ngf6 7. Nf3 0-0 8. 0-0 Qc7 9. Bf4 Ne5 10. Nxe5 dxe5 11. Be3 a6 12. Be2 b6 13. Qd2 Ne8 14. Bh6 Nd6 15. Bxg7 Kxg7 16. f4 Ne8 17. Rae1 Bd7 18. b3 f6 19. g3 Qd6 20. Nd1 b5 21. a5 Nc7 22. Ne3 Rae8 23. Rd1 Bc8 24. Qc3 Rd8 25. Rf2 exf4 26. gxf4 e5 27. dxe6 Qxe6 28. Qxc5 Rxd1+ 29. Bxd1 Rf7 30. Bg4 Qe8 31. Bxc8 Qxc8 32. e5 Qd8 33. f5 fxe5 34. Qxe5+ Qf6 35. Qg3 Rd7 36. Ng4 Qd4 37. fxg6 hxg6 38. Ne3 Kh7 39. Rf4 Qa1+ 40. Kg2 Rd2+ 41. Kh3 Qg7 42. Ng4 g5 43. Rf6 Ne8 44. Rh6+ Kg8 45. Qe3 1-0

[Event "FIN-chT1B 1516"]
[Site "Finland"]
[Date "2016.02.06"]
[Round "6.1"]
[White "Lindstedt, Johan"]
[Black "Tiitta, Sauli"]
[Result "1-0"]
[WhiteElo "2240"]
[BlackElo "2231"]
[PlyCount "77"]
[EventDate "2015.09.12"]
[EventType "team-tourn"]
[EventRounds "8"]
[EventCountry "FIN"]
[SourceTitle "EXT 2017"]
[Source "ChessBase"]
[SourceDate "2016.10.25"]
[SourceVersion "1"]
[SourceVersionDate "2016.10.25"]
[SourceQuality "1"]
[WhiteTeam "Karjaa KarjUra"]
[BlackTeam "Espoo MatSK II"]
[WhiteTeamCountry "FIN"]
[BlackTeamCountry "FIN"]

1. d4 c5 2. d5 h6 3. c4 g5 4. e4 d6 5. Be2 Nf6 6. Nc3 Nbd7 7. f4 gxf4 8. Bxf4 Rg8 9. Qd2 h5 10. Nf3 Rxg2 11. 0-0-0 Ng4 12. Rhg1 Rxg1 13. Rxg1 Ndf6 14. Rg2 Qb6 15. h3 Ne5 16. Nxe5 dxe5 17. Bxe5 Bxh3 18. Rg3 Bd7 19. Bf4 0-0-0 20. e5 Ng4 21. Ne4 Bf5 22. Rb3 Qa6 23. Nxc5 Qxa2 24. Bd3 Qa1+ 25. Kc2 Bxd3+ 26. Qxd3 e6 27. d6 Qh1 28. Rxb7 Qg2+ 29. Kb3 Qc6 30. d7+ Rxd7 31. Qxd7+ Qxd7 32. Rxd7 Bxc5 33. Rxf7 h4 34. Rh7 Bf2 35. Kb4 Bd4 36. Rxh4 Nxe5 37. Bxe5 Bxe5 38. b3 Kb7 39. Re4 1-0

[Event "FIN-chT1B 1516"]
[Site "Finland"]
[Date "2015.09.12"]
[Round "1.1"]
[White "Lehti, Juhani"]
[Black "Lindstedt, Johan"]
[Result "1/2-1/2"]
[WhiteElo "2205"]
[BlackElo "2240"]
[PlyCount "36"]
[EventDate "2015.09.12"]
[EventType "team-tourn"]
[EventRounds "8"]
[EventCountry "FIN"]
[SourceTitle "EXT 2017"]
[Source "ChessBase"]
[SourceDate "2016.10.25"]
[SourceVersion "1"]
[SourceVersionDate "2016.10.25"]
[SourceQuality "1"]
[WhiteTeam "Helsinki SSK"]
[BlackTeam "Karjaa KarjUra"]
[WhiteTeamCountry "FIN"]
[BlackTeamCountry "FIN"]

1. e4 g6 2. d4 Bg7 3. Nc3 c5 4. Be3 cxd4 5. Bxd4 Nf6 6. Nd5 e6 7. Nxf6+ Bxf6 8. Nf3 Nc6 9. c3 0-0 10. Bxf6 Qxf6 11. Qd6 Qe7 12. 0-0-0 Qxd6 13. Rxd6 f6 14. Bb5 Kf7 15. c4 a6 16. Bxc6 dxc6 17. e5 Ke7 18. Rd2 Bd7 1/2-1/2

[Event "FIN-chT 9899"]
[Site "Finland"]
[Date "1999.??.??"]
[Round "8"]
[White "Lehtinen, Antti"]
[Black "Lindstedt, Johan"]
[Result "1-0"]
[WhiteElo "2160"]
[BlackElo "2310"]
[PlyCount "57"]
[EventDate "1998.??.??"]
[EventType "team-tourn"]
[EventRounds "9"]
[EventCountry "FIN"]
[SourceTitle "EXT 2000"]
[Source "ChessBase"]
[SourceDate "1999.11.16"]
[SourceVersion "1"]
[SourceVersionDate "1999.11.16"]
[SourceQuality "1"]
[WhiteTeam "Tampere Taraus"]
[BlackTeam "Espoo MatSK"]
[WhiteTeamCountry "FIN"]
[BlackTeamCountry "FIN"]

1. e4 g6 2. d4 Bg7 3. Nc3 c6 4. Be3 d6 5. Qd2 Nd7 6. Bd3 b5 7. Nf3 Nb6 8. 0-0 Nf6 9. Bh6 0-0 10. e5 dxe5 11. dxe5 Ng4 12. Bxg7 Kxg7 13. h3 Nh6 14. a4 b4 15. Ne4 a5 16. Ng3 e6 17. Rfd1 Ba6 18. c4 Qe7 19. b3 c5 20. Qe3 Bb7 21. Be4 Bxe4 22. Nxe4 Rac8 23. Nf6 Nf5 24. Qg5 h6 25. Qf4 Qc7 26. g4 Ne7 27. Rd6 Rcd8 28. Rad1 Nec8 29. Nh5+ 1-0

[Event "FIN-chT 9899"]
[Site "Finland"]
[Date "1999.??.??"]
[Round "7"]
[White "Mertanen, Janne"]
[Black "Lindstedt, Johan"]
[Result "1-0"]
[WhiteElo "2180"]
[BlackElo "2310"]
[PlyCount "85"]
[EventDate "1998.??.??"]
[EventType "team-tourn"]
[EventRounds "9"]
[EventCountry "FIN"]
[SourceTitle "EXT 2000"]
[Source "ChessBase"]
[SourceDate "1999.11.16"]
[SourceVersion "1"]
[SourceVersionDate "1999.11.16"]
[SourceQuality "1"]
[WhiteTeam "Kuopio KSY"]
[BlackTeam "Espoo MatSK"]
[WhiteTeamCountry "FIN"]
[BlackTeamCountry "FIN"]

1. d4 g6 2. c4 Bg7 3. e4 d6 4. Nc3 Nd7 5. Be2 e5 6. Nf3 Ne7 7. 0-0 0-0 8. Re1 Nc6 9. Bg5 f6 10. Be3 h6 11. d5 Ne7 12. Nd2 f5 13. f3 f4 14. Bf2 g5 15. Rc1 h5 16. b4 Nf6 17. c5 g4 18. cxd6 cxd6 19. Nb5 g3 20. hxg3 fxg3 21. Bxg3 Ne8 22. f4 exf4 23. Bf2 Ng6 24. Bxh5 Qg5 25. Bxg6 Qxg6 26. Nf3 Bg4 27. Nbd4 Bf6 28. Ne6 Rf7 29. Nxf4 Qh6 30. Ne6 Be5 31. Qd2 Bh2+ 32. Kf1 Qxd2 33. Nxd2 Ng7 34. Ng5 Rf6 35. Ndf3 Raf8 36. Nxh2 Rxf2+ 37. Kg1 Bh5 38. Nhf3 Rxa2 39. Rc7 b6 40. Rec1 Ne8 41. Re7 Rf6 42. Rc8 Kf8 43. Rexe8+ 1-0

[Event "FIN-chT 9899"]
[Site "Finland"]
[Date "1999.??.??"]
[Round "9"]
[White "Vihinen, Teemu"]
[Black "Lindstedt, Johan"]
[Result "1/2-1/2"]
[WhiteElo "2155"]
[BlackElo "2310"]
[PlyCount "65"]
[EventDate "1998.??.??"]
[EventType "team-tourn"]
[EventRounds "9"]
[EventCountry "FIN"]
[SourceTitle "EXT 2000"]
[Source "ChessBase"]
[SourceDate "1999.11.16"]
[SourceVersion "1"]
[SourceVersionDate "1999.11.16"]
[SourceQuality "1"]
[WhiteTeam "Vantaa EtVaS"]
[BlackTeam "Espoo MatSK"]
[WhiteTeamCountry "FIN"]
[BlackTeamCountry "FIN"]

1. e4 g6 2. d4 Bg7 3. Nc3 c6 4. Be3 d6 5. a4 Nf6 6. h3 e5 7. dxe5 dxe5 8. Qxd8+ Kxd8 9. Nf3 Nfd7 10. a5 f6 11. Nd2 Kc7 12. Be2 Bf8 13. Nb3 Be7 14. 0-0 Nf8 15. f4 Be6 16. fxe5 fxe5 17. Nc5 Bg8 18. Nd3 Nbd7 19. Bh6 Ne6 20. Bg4 Bf8 21. Bxf8 Rxf8 22. Rxf8 Nexf8 23. Rf1 Ne6 24. Nd1 h5 25. Bxe6 Bxe6 26. Ne3 Kd6 27. Rd1 Ke7 28. b3 Rf8 29. Nf1 Rd8 30. Re1 Kd6 31. Rd1 Ke7 32. Re1 Kd6 33. Rd1 1/2-1/2

[Event "FIN-chT 9899"]
[Site "Finland"]
[Date "1998.??.??"]
[Round "5"]
[White "Lindstedt, Johan"]
[Black "Luukkonen, Tommi"]
[Result "0-1"]
[WhiteElo "2310"]
[BlackElo "2160"]
[PlyCount "74"]
[EventDate "1998.??.??"]
[EventType "team-tourn"]
[EventRounds "9"]
[EventCountry "FIN"]
[SourceTitle "EXT 2000"]
[Source "ChessBase"]
[SourceDate "1999.11.16"]
[SourceVersion "1"]
[SourceVersionDate "1999.11.16"]
[SourceQuality "1"]
[WhiteTeam "Espoo MatSK"]
[BlackTeam "Jyvaskyla JyS"]
[WhiteTeamCountry "FIN"]
[BlackTeamCountry "FIN"]

1. d4 Nf6 2. c4 g6 3. g3 Bg7 4. Bg2 c5 5. Nf3 cxd4 6. Nxd4 Qc7 7. b3 d5 8. cxd5 Nxd5 9. 0-0 Qd7 10. Bb2 0-0 11. e3 Rd8 12. Nc3 Nxc3 13. Bxc3 Na6 14. Ne2 Qe8 15. Qc1 e5 16. Qb2 Nc5 17. Rad1 Bf5 18. Ba5 Rxd1 19. Rxd1 Qb5 20. Bc3 Bg4 21. Bf1 Re8 22. Nf4 Qc6 23. Rc1 Qd7 24. Ng2 Nd3 25. Bxd3 Qxd3 26. Ne1 Qe4 27. Qc2 Qc6 28. Bb2 Qd5 29. e4 Qb5 30. f3 Bh3 31. Nd3 h5 32. Nf2 Be6 33. Qc5 Qe2 34. Bxe5 Rc8 35. Bc7 Qxf3 36. Qg5 Bd4 37. Qd2 Bh3 0-1

[Event "FIN-chT 9798"]
[Site "Finland"]
[Date "1997.??.??"]
[Round "2"]
[White "Lindstedt, Johan"]
[Black "Kytoniemi, Jyrki"]
[Result "1-0"]
[WhiteElo "2305"]
[BlackElo "2205"]
[PlyCount "67"]
[EventDate "1997.??.??"]
[EventType "team"]
[EventRounds "9"]
[EventCountry "FIN"]
[SourceTitle "EXT 2000"]
[Source "ChessBase"]
[SourceDate "1999.11.16"]
[SourceVersion "1"]
[SourceVersionDate "1999.11.16"]
[SourceQuality "1"]

1. d4 e6 2. Nf3 Nf6 3. c4 c5 4. d5 exd5 5. cxd5 d6 6. Nc3 g6 7. e4 Bg7 8. h3 0-0 9. Bd3 Re8 10. 0-0 a6 11. a4 c4 12. Bxc4 Nxe4 13. Nxe4 Rxe4 14. Bd3 Re8 15. Bg5 Bf6 16. Bxf6 Qxf6 17. Re1 Rf8 18. Qe2 Bf5 19. Bxf5 Qxf5 20. Rad1 Nd7 21. Qe7 Nc5 22. Qxd6 Nxa4 23. Qb4 b5 24. Ne5 Qf6 25. Nd7 Qxb2 26. Qh4 Rfd8 27. Nf6+ Kg7 28. Qxh7+ Kxf6 29. Rd3 Rxd5 30. Rxd5 Rc8 31. Rd6+ Kg5 32. Qxf7 Qc2 33. Re5+ Kh6 34. Qf4+ 1-0

[Event "FIN-chT 9697"]
[Site "Finland"]
[Date "1996.??.??"]
[Round "1.3"]
[White "Kekki, Petri"]
[Black "Lindstedt, Johan"]
[Result "1-0"]
[WhiteElo "2350"]
[BlackElo "2310"]
[PlyCount "53"]
[EventDate "1996.??.??"]
[EventType "team"]
[EventRounds "9"]
[EventCountry "FIN"]
[SourceTitle "EXT 1999"]
[Source "ChessBase"]
[SourceDate "1998.11.16"]
[SourceVersion "1"]
[SourceVersionDate "1998.11.16"]
[SourceQuality "1"]

1. d4 g6 2. g3 Bg7 3. Bg2 d6 4. Nf3 Nd7 5. c4 e5 6. Nc3 Ne7 7. 0-0 0-0 8. e4 exd4 9. Nxd4 Nc6 10. Nde2 Nde5 11. b3 Bg4 12. f3 Bd7 13. f4 Ng4 14. h3 Nh6 15. Bb2 f5 16. Qd2 fxe4 17. Nxe4 Nf5 18. Bxg7 Kxg7 19. Qc3+ Kg8 20. g4 Ng7 21. Ng5 h6 22. Bd5+ Kh8 23. Nf7+ Rxf7 24. Bxf7 Qe7 25. Bxg6 Qxe2 26. Rfe1 Nd4 27. Qxd4 1-0

[Event "FIN-chT 9596"]
[Site "Finland"]
[Date "1996.??.??"]
[Round "4"]
[White "Kivisto, Mikko"]
[Black "Lindstedt, Johan"]
[Result "1-0"]
[WhiteElo "2285"]
[BlackElo "2310"]
[PlyCount "69"]
[EventDate "1995.??.??"]
[EventType "team"]
[EventRounds "11"]
[EventCountry "FIN"]
[SourceTitle "EXT 1998"]
[Source "ChessBase"]
[SourceDate "1997.11.17"]
[SourceVersion "1"]
[SourceVersionDate "1997.11.17"]
[SourceQuality "1"]

1. e4 e5 2. Nc3 Nf6 3. g3 d5 4. exd5 Nxd5 5. Bg2 Nxc3 6. bxc3 Bd6 7. Nf3 0-0 8. 0-0 c6 9. Re1 Qa5 10. d4 exd4 11. cxd4 Be6 12. Ng5 Bg4 13. f3 Bf5 14. Bd2 Qa4 15. c3 Qxd1 16. Raxd1 Bc2 17. Rc1 Bd3 18. c4 Nd7 19. c5 Bc7 20. Re3 Bf5 21. Rb3 Rab8 22. g4 Be6 23. Nxe6 fxe6 24. Rcb1 b6 25. f4 Bxf4 26. Bxc6 Rbd8 27. Bb4 a5 28. Bxd7 axb4 29. Bxe6+ Kh8 30. cxb6 Rd6 31. d5 Bd2 32. Rxb4 Bxb4 33. Rxb4 Rb8 34. b7 Ra6 35. Rc4 1-0

[Event "FIN-chT 9596"]
[Site "Finland"]
[Date "1996.??.??"]
[Round "10"]
[White "Koskinen, Henri"]
[Black "Lindstedt, Johan"]
[Result "1/2-1/2"]
[WhiteElo "2230"]
[BlackElo "2310"]
[PlyCount "73"]
[EventDate "1995.??.??"]
[EventType "team"]
[EventRounds "11"]
[EventCountry "FIN"]
[SourceTitle "EXT 1998"]
[Source "ChessBase"]
[SourceDate "1997.11.17"]
[SourceVersion "1"]
[SourceVersionDate "1997.11.17"]
[SourceQuality "1"]

1. d4 g6 2. g3 Bg7 3. Bg2 c5 4. d5 d6 5. Nf3 e5 6. dxe6 fxe6 7. c4 Ne7 8. Nc3 0-0 9. Bg5 h6 10. Bf4 Nf5 11. Qd3 e5 12. Bd2 Nd4 13. Nh4 g5 14. Bd5+ Be6 15. Bxe6+ Nxe6 16. Qd5 Qd7 17. Nf3 Nc6 18. Ne4 Rad8 19. h4 g4 20. Nh2 Kh8 21. 0-0-0 Ned4 22. Nc3 Rxf2 23. Qe4 h5 24. Qg6 Qf5 25. Qxf5 Rxf5 26. Bg5 Bf6 27. e3 Ne6 28. Bxf6+ Rxf6 29. Ne4 Rf7 30. Nxd6 Rfd7 31. Ne4 Rxd1+ 32. Rxd1 Rxd1+ 33. Kxd1 Kg7 34. Nf1 Kf8 35. Nf6 Kf7 36. Nd5 Ne7 37. Nxe7 1/2-1/2

[Event "FIN-chT 9596"]
[Site "Finland"]
[Date "1996.??.??"]
[Round "11"]
[White "Paldanius, Pekka"]
[Black "Lindstedt, Johan"]
[Result "0-1"]
[WhiteElo "2260"]
[BlackElo "2310"]
[PlyCount "72"]
[EventDate "1995.??.??"]
[EventType "team"]
[EventRounds "11"]
[EventCountry "FIN"]
[SourceTitle "EXT 1998"]
[Source "ChessBase"]
[SourceDate "1997.11.17"]
[SourceVersion "1"]
[SourceVersionDate "1997.11.17"]
[SourceQuality "1"]

1. d4 g6 2. e4 Bg7 3. c4 d6 4. Nc3 Nc6 5. Be3 e5 6. d5 Nce7 7. c5 f5 8. Bb5+ Bd7 9. Bxd7+ Qxd7 10. Qb3 b6 11. cxd6 cxd6 12. Nf3 Nf6 13. Ng5 0-0 14. 0-0 Rfc8 15. Rfe1 h6 16. Ne6 fxe4 17. Rad1 Kh7 18. Nxg7 Kxg7 19. Bc1 Qg4 20. h3 Qh4 21. Nb5 Nf5 22. Qb4 Rc2 23. Rf1 Rf8 24. Nxd6 Nd4 25. Nc4 e3 26. Rxd4 Qxd4 27. Bxe3 Qxc4 28. Bxh6+ Kxh6 29. Qxf8+ Kg5 30. d6 Rd2 31. h4+ Qxh4 32. Qe7 Qd4 33. d7 Kf5 34. Qf7 Qxd7 35. g4+ Kg5 36. f4+ exf4 0-1

[Event "Stockholm-Helsinki m"]
[Site "Stockholm"]
[Date "1994.??.??"]
[Round "?"]
[White "Lindberg, Bengt"]
[Black "Lindstedt, Johan"]
[Result "1-0"]
[WhiteElo "2315"]
[BlackElo "2310"]
[PlyCount "45"]
[EventDate "1994.??.??"]
[EventType "team"]
[EventRounds "2"]
[EventCountry "SWE"]
[SourceTitle "EXT 2004"]
[Source "ChessBase"]
[SourceDate "2003.11.25"]
[SourceVersion "1"]
[SourceVersionDate "2003.11.25"]
[SourceQuality "1"]
[WhiteTeam "Stockholm"]
[BlackTeam "Helsinki"]
[WhiteTeamCountry "SWE"]
[BlackTeamCountry "FIN"]

1. e4 e5 2. Nf3 Nc6 3. Nc3 Nge7 4. Bc4 g6 5. Ng5 d5 6. exd5 Na5 7. d3 Nxc4 8. dxc4 Bg7 9. g4 0-0 10. h3 f5 11. c5 h6 12. d6 cxd6 13. cxd6 Nc6 14. Qd5+ Kh8 15. Nf7+ Rxf7 16. Qxf7 Nd4 17. Qxg6 Qh4 18. Be3 Nxc2+ 19. Kd2 Nxa1 20. gxf5 Qb4 21. Qe8+ Kh7 22. Qg6+ Kh8 23. Kc1 1-0

[Event "FIN-chT"]
[Site "Finland"]
[Date "1994.??.??"]
[Round "?"]
[White "Lindstedt, Johan"]
[Black "Koskinen, Henri"]
[Result "1/2-1/2"]
[WhiteElo "2310"]
[BlackElo "2275"]
[PlyCount "45"]
[EventDate "1994.??.??"]
[EventType "team"]
[EventRounds "11"]
[EventCountry "FIN"]
[SourceTitle "EXT 1998"]
[Source "ChessBase"]
[SourceDate "1997.11.17"]
[SourceVersion "1"]
[SourceVersionDate "1997.11.17"]
[SourceQuality "1"]

1. d4 d5 2. c4 c6 3. Nf3 Nf6 4. Nc3 e6 5. Qb3 Qb6 6. c5 Qd8 7. Bg5 Nbd7 8. e3 b6 9. cxb6 Qxb6 10. Qxb6 axb6 11. Be2 Bb4 12. 0-0 Bxc3 13. bxc3 Ne4 14. Rfc1 f6 15. Bf4 g5 16. Bg3 h5 17. h3 b5 18. Bd3 Nxg3 19. fxg3 g4 20. hxg4 hxg4 21. Nd2 f5 22. a4 bxa4 23. Rcb1 1/2-1/2

[Event "FIN-chT"]
[Site "Finland"]
[Date "1993.??.??"]
[Round "?"]
[White "Hakulinen, Esko Matti"]
[Black "Lindstedt, Johan"]
[Result "1/2-1/2"]
[WhiteElo "2355"]
[BlackElo "2325"]
[PlyCount "31"]
[EventDate "1993.??.??"]
[EventType "team"]
[EventRounds "11"]
[EventCountry "FIN"]
[SourceTitle "EXT 1998"]
[Source "ChessBase"]
[SourceDate "1997.11.17"]
[SourceVersion "1"]
[SourceVersionDate "1997.11.17"]
[SourceQuality "1"]

1. d4 f5 2. g3 Nf6 3. Bg2 g6 4. Nf3 Bg7 5. 0-0 d6 6. c4 0-0 7. Nc3 c6 8. b3 Qc7 9. Ba3 Rd8 10. Qc2 e5 11. e3 e4 12. Nd2 a5 13. Bb2 Na6 14. a3 b5 15. f3 d5 16. f4 1/2-1/2

[Event "FIN-chT"]
[Site "Finland"]
[Date "1993.??.??"]
[Round "6"]
[White "Manninen, Marko"]
[Black "Lindstedt, Johan"]
[Result "1-0"]
[WhiteElo "2380"]
[BlackElo "2325"]
[PlyCount "73"]
[EventDate "1993.??.??"]
[EventType "team"]
[EventRounds "11"]
[EventCountry "FIN"]
[SourceTitle "EXT 1998"]
[Source "ChessBase"]
[SourceDate "1997.11.17"]
[SourceVersion "1"]
[SourceVersionDate "1997.11.17"]
[SourceQuality "1"]

1. d4 f5 2. Nc3 d5 3. Bf4 Nf6 4. e3 e6 5. Nb5 Na6 6. c4 Bb4+ 7. Nc3 c5 8. Bd3 Qa5 9. Nge2 cxd4 10. exd4 dxc4 11. Bxc4 Nd5 12. 0-0 0-0 13. Qb3 Nac7 14. Bxc7 Nxc7 15. Nf4 Kh8 16. Rae1 Re8 17. Re5 Qb6 18. Nb5 Bd6 19. Rxf5 Nxb5 20. Rxb5 Qxd4 21. Nxe6 Bxe6 22. Bxe6 b6 23. Rd5 Qb4 24. Qh3 Bc5 25. Rh5 Rxe6 26. Rxh7+ Kg8 27. Rh8+ Kf7 28. Rxa8 Rf6 29. Rxa7+ Kg8 30. Qb3+ Qxb3 31. axb3 Re6 32. Ra4 Re2 33. b4 Bd4 34. b5 Bc5 35. b4 Bd4 36. g3 Re5 37. Kg2 1-0

[Event "Espoo op"]
[Site "Espoo"]
[Date "1992.??.??"]
[Round "?"]
[White "Hurme, Harri M"]
[Black "Lindstedt, Johan"]
[Result "0-1"]
[WhiteElo "2270"]
[BlackElo "2330"]
[PlyCount "60"]
[EventDate "1992.??.??"]
[EventType "swiss"]
[EventRounds "9"]
[EventCountry "FIN"]
[SourceTitle "EXT 2000"]
[Source "ChessBase"]
[SourceDate "1999.11.16"]
[SourceVersion "1"]
[SourceVersionDate "1999.11.16"]
[SourceQuality "1"]

1. d4 e6 2. c4 f5 3. e3 Nf6 4. Bd3 d5 5. Nc3 c6 6. Nge2 Bd6 7. f3 0-0 8. Qc2 Na6 9. a3 Nc7 10. cxd5 Nfxd5 11. 0-0 e5 12. Bd2 Kh8 13. e4 Nxc3 14. bxc3 f4 15. g4 Ne6 16. Kg2 h5 17. h3 Qf6 18. d5 Ng5 19. c4 Nxh3 20. Kxh3 hxg4+ 21. Kg2 Qh4 22. c5 Rf6 23. Rg1 Rg6 24. Nxf4 exf4 25. cxd6 gxf3+ 26. Kxf3 Rg3+ 27. Rxg3 Qxg3+ 28. Ke2 Bg4+ 29. Kf1 f3 30. Be3 Bh3+ 0-1

[Event "Espoo op"]
[Site "Espoo"]
[Date "1992.??.??"]
[Round "?"]
[White "Karner, Hillar"]
[Black "Lindstedt, Johan"]
[Result "1/2-1/2"]
[WhiteElo "2365"]
[BlackElo "2330"]
[PlyCount "88"]
[EventDate "1992.??.??"]
[EventType "swiss"]
[EventRounds "9"]
[EventCountry "FIN"]
[SourceTitle "EXT 2000"]
[Source "ChessBase"]
[SourceDate "1999.11.16"]
[SourceVersion "1"]
[SourceVersionDate "1999.11.16"]
[SourceQuality "1"]

1. e4 e5 2. Nf3 Nc6 3. Bb5 a6 4. Ba4 Nf6 5. Bxc6 dxc6 6. d3 Nd7 7. Nbd2 Be7 8. Nc4 f6 9. d4 exd4 10. Nxd4 Nc5 11. f3 0-0 12. Be3 f5 13. exf5 Bxf5 14. 0-0 Bd6 15. Qd2 Ne6 16. Rad1 Nxd4 17. Bxd4 Be6 18. Qc3 Rf7 19. Be5 Bc5+ 20. Kh1 Qe7 21. Bg3 Rf5 22. a3 Qg5 23. f4 Qf6 24. Ne5 Bd6 25. Rfe1 Rf8 26. Qe3 Bxe5 27. fxe5 Rf1+ 28. Rxf1 Qxf1+ 29. Rxf1 Rxf1+ 30. Qg1 Rxg1+ 31. Kxg1 Kf7 32. Kf2 Bf5 33. c3 a5 34. b4 axb4 35. cxb4 b5 36. Ke3 Ke6 37. Kf4 g6 38. h3 h5 39. Bf2 Bd3 40. g3 Bf5 41. h4 Bc2 42. Ba7 Bf5 43. Bb8 Bc2 44. Bxc7 Bf5 1/2-1/2

[Event "Espoo op"]
[Site "Espoo"]
[Date "1992.??.??"]
[Round "?"]
[White "Kivisto, Mikko"]
[Black "Lindstedt, Johan"]
[Result "1-0"]
[WhiteElo "2270"]
[BlackElo "2330"]
[PlyCount "67"]
[EventDate "1992.??.??"]
[EventType "swiss"]
[EventRounds "9"]
[EventCountry "FIN"]
[SourceTitle "EXT 2000"]
[Source "ChessBase"]
[SourceDate "1999.11.16"]
[SourceVersion "1"]
[SourceVersionDate "1999.11.16"]
[SourceQuality "1"]

1. e4 e5 2. Nc3 Nf6 3. g3 d5 4. exd5 Nxd5 5. Bg2 Nxc3 6. bxc3 c6 7. Nf3 Bd6 8. d4 exd4 9. Qe2+ Qe7 10. Qxe7+ Bxe7 11. cxd4 0-0 12. 0-0 Be6 13. a4 Bd5 14. Re1 Bd6 15. Ba3 Bxa3 16. Rxa3 Na6 17. Rb1 Rab8 18. Ne5 Bxg2 19. Kxg2 Rfd8 20. Rab3 f6 21. Nf3 b6 22. c4 Nc7 23. a5 b5 24. d5 cxd5 25. cxb5 Ne6 26. b6 axb6 27. Rxb6 Rxb6 28. Rxb6 Nc7 29. Nd4 Ra8 30. Rb7 Na6 31. f4 Nc5 32. Rb5 Rc8 33. f5 Kf8 34. Rxc5 1-0

[Event "Espoo op"]
[Site "Espoo"]
[Date "1992.??.??"]
[Round "?"]
[White "Linnanen, Lassi"]
[Black "Lindstedt, Johan"]
[Result "0-1"]
[WhiteElo "2295"]
[BlackElo "2330"]
[PlyCount "122"]
[EventDate "1992.??.??"]
[EventType "swiss"]
[EventRounds "9"]
[EventCountry "FIN"]
[SourceTitle "EXT 2000"]
[Source "ChessBase"]
[SourceDate "1999.11.16"]
[SourceVersion "1"]
[SourceVersionDate "1999.11.16"]
[SourceQuality "1"]

1. e4 d6 2. d4 Nf6 3. Nc3 g6 4. Nf3 Bg7 5. Be2 0-0 6. 0-0 c6 7. h3 Qc7 8. Be3 Nbd7 9. a4 b6 10. Bc4 Nxe4 11. Nxe4 d5 12. Bd3 dxe4 13. Bxe4 e5 14. dxe5 Nxe5 15. Nxe5 Bxe5 16. Qf3 Bb7 17. c3 f5 18. Bc2 c5 19. Bb3+ Kh8 20. Bd5 Bxd5 21. Qxd5 f4 22. Bc1 f3 23. Be3 Rad8 24. Qe4 fxg2 25. Qxg2 Rf5 26. Rae1 Rdf8 27. Bh6 Bg7 28. Bxg7+ Qxg7 29. Re3 Qd7 30. b3 c4 31. bxc4 Qxa4 32. Qe4 Qd7 33. Qd4+ Qg7 34. Re7 R5f7 35. Rfe1 Kg8 36. Rxf7 Qxf7 37. Qd5 Qxd5 38. cxd5 Kf7 39. Kf1 Re8 40. Ra1 Re7 41. c4 Kf6 42. Ra3 Ke5 43. Rf3 Kd4 44. Rf4+ Kc5 45. h4 a5 46. Rf6 Kxc4 47. Rxb6 Ra7 48. h5 Kxd5 49. hxg6 hxg6 50. Rxg6 a4 51. Ke2 a3 52. Rg1 a2 53. Ra1 Kc4 54. Ke3 Kb3 55. f4 Ra4 56. Kf3 Kb2 57. Rxa2+ Kxa2 58. Kg4 Kb3 59. Kf5 Kc4 60. Ke5 Kc5 61. f5 Kc6 0-1